1002 1418 1448 1049 1781 1949 1297 1180 1953 1959 1524 1456 1645 1734 1746 1169 1473 1713 1984 1148 1358 1548 1735 1119 1509 1738 1777 1984 1210 1947 1376 1705 1703 1771 1180 1449 1014 1193 1726 1436 1391 1267 1366 1589 1968 1533 1652 1193 1656 1039 1882 1375 1487 1645 1882 1447 1255 1440 1966 1198 1566 1278 1969 1572 1434 1462 1101 1212 1405 1801 1939 1558 1963 1815 1028 1863 1744 1813 1611 1338 1997 1361 1636 1685 1430 1326 1733 1563 1884 1624 1391 1507 1627 1849 1705 1283 1987 1799 1217 BCNSPRNW ULIB Ver.6.0+V

เปลี่ยนเป็นภาษาไทย

Change to English
 แสดงรายละเอียดบรรณานุกรม
  กลับหน้าหลัก

Brief Record : Get Marc (ISO 2709) : E-mail record : QR code < ปิดหน้าต่าง
LEADER : 00000nam a2200000Ia 4500
001    13399121110
003     ULIB
008    120827s2555 th a 000 0 tha d
020    ^a9789740329534
060 04 ^aWA30^bอ176ก
100 0  ^aอนามัย (ธีรวิโรจน์) เทศกะทึก
245 10 ^aการประเมินผลกระทบต่อสุขภาพ^b(Health impact assessment: HIA) /^cอนามัย (ธีรวิโรจน์) เทศกะทึก
246 31 ^aHealth impact assessment:^bHIA
246 31 ^aHIA
250    ^aพิมพ์ครั้งที่ 1
260    ^aกรุงเทพฯ :^bสำนักพิมพ์แห่งจุฬาลงกรณ์มหาวิทยาลัย,^c2555
300    ^a[15], 236, [3] หน้า :^bภาพประกอบ ;^c26 ซม.
500    ^aบรรณานุกรมท้ายบท
650  4 ^aสุขภาพ^xผลกระทบจากสิ่งแวดล้อม
650  4 ^aการประเมินผลกระทบ
650  4 ^aสิ่งแวดล้อม^xผลกระทบต่อสุขภาพ
945    ^p190^l0^i032923
945    ^p190^l0^i032924
945    ^p190^l0^i032925
995    เกษร
999    ^aใช้งานได้ทุกระบบ
รายการนี้ยังไม่มีแท็ก
คุณยังไม่ได้ล็อกอิน คุณสามารถมีกิจกรรมร่วมกับเว็บไซต์ได้ แต่ต้องล็อกอินก่อน ::
  ล็อกอิน

รายการสื่อสารสนเทศ

ลำดับที่ ประเภท เลขเรียก/บาร์โค้ด สถานที่ สถานะ
1. วิทยาศาสตร์การแพทย์ และสุขภาพ
หนังสือสำรอง
สถานะ=หนังสือสำรอง
WA30 อ176ก ฉ.1 
  Barcode: 032923
ห้องสมุดวิทยาเขตสวรรค์ประชารักษ์
►ส่วนจัดเก็บหนังสือเก่า สปร
บนชั้น
  ขอยืม
2. วิทยาศาสตร์การแพทย์ และสุขภาพ
วิทยาศาสตร์การแพทย์ และสุขภาพ
WA30 อ176ก ฉ.2 
  Barcode: 032924
ห้องสมุดวิทยาเขตสวรรค์ประชารักษ์
►ส่วนจัดเก็บหนังสือเก่า สปร
บนชั้น
  ขอยืม
3. วิทยาศาสตร์การแพทย์ และสุขภาพ
วิทยาศาสตร์การแพทย์ และสุขภาพ
WA30 อ176ก ฉ.3 
  Barcode: 032925
ห้องสมุดวิทยาเขตสวรรค์ประชารักษ์
►ส่วนจัดเก็บหนังสือเก่า สปร
บนชั้น
  ขอยืม

รายการใกล้เคียง
    ผู้แต่ง [อนามัย (ธีรวิโรจน์) เทศกะทึก]

    หัวเรื่อง [การประเมินผลกระทบ]

BibComment


ยังไม่เคยถูกคอมเมนท์

คอมเมนท์ทรัพยากรรายการนี้
  คอมเมนท์: การประเมินผลกระท..


 Copyright 2026. Bcnsprnw @Library